000 00731nam a2200253Ia 4500
003 OSt
005 20220918221947.0
006 a|||||r|||| 00| 0
007 ta
008 220917b |||||||| |||| 00| 0 eng d
024 _a213,543
037 _cTextual
040 _aARTS
_cARTS
_beng
041 _2eng
_aeng
082 _aR1,(S:43):(P), P0
100 _aRossi Paolo
245 0 _aLogic and the art of memory
_b The quest for a universal language
260 _aLondon
_bThe athlone press
_c2000
300 _axxviii, 333 p
_ccm.
650 _aPHILOSOPHY
700 _a Clucas Stephen Tr.
_9141788
942 _hR1,(S:43):(P), P0
_cTEXL
_2CC
999 _c274078
_d274078